Martin Luther als Nationalökonom. : Anhang: Martin Luther. An die Pfarrherrn wider den Wucher zu predigen; Vermahnung, 1540.

Bibliographic Details
Main Author: Fabiunke, Günter
Other Authors: Luther, Martin, 1483-1546
Format: Book
Language:German
Published: Berlin : Akademie-Verlag, 1963.
Series:Schriften des Instituts für Wirtschaftswissenschaften ; Nr. 15.
Subjects:

MARC

Tag First Indicator Second Indicator Subfields
LEADER 00000cam a2200000 4500
001 in00003440887
005 20151206103535.0
008 781103s1963 ge b 00000dger
010 |a  67124580  
035 |a (OCoLC)ocm04342972 
040 |a DLC  |c VA@  |d m.c.  |d TNY  |d UtOrBLW 
082 0 |a 330.1 
090 |a HB80.L9  |b F3 
100 1 |a Fabiunke, Günter. 
245 1 0 |a Martin Luther als Nationalökonom. :  |b Anhang: Martin Luther. An die Pfarrherrn wider den Wucher zu predigen; Vermahnung, 1540. 
264 1 |a Berlin :  |b Akademie-Verlag,  |c 1963. 
300 |a 230 pages, 1 unnumbered page ;  |c 24 cm. 
336 |a text  |b txt  |2 rdacontent 
337 |a unmediated  |b n  |2 rdamedia 
338 |a volume  |b nc  |2 rdacarrier 
490 1 |a Deutsche Akademie der Wissenschaften zu Berlin. Schriften des Instituts für Wirtschaftswissenschaften, Nr. 15 
500 |a "Überarbeitete Fassung der Habilitationsschrift 'Dr. Martin Luthr (1483-1546)-Deutschlands ältester Nationalökonom' ... Halle-Wittenberg"--verso title page. 
500 |a "Verzeichnis der wichtigsten Schriften Luthers zu politischen und ökonomischen Fragen": page [231]. 
504 |a Bibliography: pages 181-189. 
600 1 0 |a Luther, Martin,  |d 1483-1546  |x Economics. 
700 1 |a Luther, Martin,  |d 1483-1546.  |t An die Pfarrherrn wider den Wucher zu predigen. 
830 0 |a Schriften des Instituts für Wirtschaftswissenschaften ;  |v Nr. 15. 
999 |a MARS 
999 f f |s f5b397cb-c20b-3f77-9bee-7893d7613385  |i 83b8b787-27da-3823-879d-2571aafea050  |t 0 
952 f f |p ric  |a Texas A&M University  |b Rellis Campus  |c Joint Library Facility  |d Remote Storage  |t 0  |e HB80.L9 F3  |h Library of Congress classification  |i unmediated -- volume  |m 32060004151060 
998 f f |a HB80.L9 F3  |t 0  |l Remote Storage